Vegetable diseases : A color handbook
The book offers an introduction to vegetable crops, descriptions of the disease-causing agents, suggested strategies for identifying and diagnosing vegetable diseases, and generally principles in controlling them.
Shranjeno v:
| Glavni avtor: | |
|---|---|
| Format: | Knjiga |
| Jezik: | Undetermined |
| Izdano: |
London
Manson Publishing
2007
|
| Teme: | |
| Oznake: |
Označite
Brez oznak, prvi označite!
|
| Thư viện lưu trữ: | Trung tâm Học liệu Trường Đại học Cần Thơ |
|---|
| LEADER | 00903nam a2200253Ia 4500 | ||
|---|---|---|---|
| 001 | CTU_132884 | ||
| 008 | 210402s9999 xx 000 0 und d | ||
| 020 | |c 7722000 | ||
| 082 | |a 635.0493 | ||
| 082 | |b K79 | ||
| 100 | |a Koike, Steven T. | ||
| 245 | 0 | |a Vegetable diseases : | |
| 245 | 2 | |b A color handbook | |
| 245 | 0 | |c Steven T. Koike, Peter Gladders, Albert O. Paulus | |
| 260 | |a London | ||
| 260 | |b Manson Publishing | ||
| 260 | |c 2007 | ||
| 520 | |a The book offers an introduction to vegetable crops, descriptions of the disease-causing agents, suggested strategies for identifying and diagnosing vegetable diseases, and generally principles in controlling them. | ||
| 526 | |a Bệnh cây trồng | ||
| 526 | |b NN359 | ||
| 650 | |a Vegetables,Rau | ||
| 650 | |x Diseases and pests,sâu bệnh | ||
| 904 | |i Huỳnh Mai | ||
| 980 | |a Trung tâm Học liệu Trường Đại học Cần Thơ | ||